000 00608nam a2200205Ia 4500
005 20250507130312.0
008 008 250505s9999 xx 000 0 eng d
037 _aSeries Article
040 _aEASL
_beng
_cEASL
041 _aeng
_2eng
084 _qEASL
100 _aMah Jai S.
_9670377
245 0 _aRole of the Government in R&D promotion and the development of technology-intensive industries in China
260 _aUK
_bLondon Sage Publications
_c2014
300 _a91-107 Pp.
650 _aChina
700 _aYeo Myeong
_9674564
942 _cSRA
999 _c1318867
_d1318867